000 00566nam a2200193 a 4500
001 1773127631342
003 YourLibrary
005 20260310125915.0
008 260310s2010##################000#0#eng##
020 _a9780309137348
082 0 4 _a362.196959
_bKEU
100 1 _aCouncil, National Research,
_eauthor.
245 1 0 _aSustaining Global Surveillance and Response to Emerging Zoonotic Diseases :
260 _bNational Academies Press,
_c2010.
300 _a339 pages
650 0 _aMedical.
942 _cENGLISH
040 _aYourLibrary
_beng
_cYourLibrary
999 _c617388
_d617388